000 00725nas a2200241 4500
001 BR8205832
003 BR-BrBNA
005 20231205085311.0
007 ta
008 230509b bl.|||p| |||| 00| 00por d
040 _aBR-BrBNA
_bpor
_cBiblioteca Nacional de Agricultura
041 _a(Pt)
072 _aF25
100 1 _aSouza, R. de M. e
245 1 _aUtilizacao racional do vinhoto [fertilizante, Brasil]
650 _aVINHACA
650 _aRESIDUO INDUSTRIAL
650 _aFERTILIZANTE
650 _aINSUMO
773 0 _tAtualidades do Conselho Nacional do Petroleo (Brazil)
_xISSN 0100-1471
_g(Jan-Feb 1982), v. 14(79) p. 51-53
_wBR8205832
909 _a202311
_bLúcia
_c55
_dLúcia Elande
942 _2AGRIS
_n0
_cANA
999 _c110571
_d110571